02081nam a2200313 i 4500001001100000003000400011005001700015008004100032017005500073020001800128035002200146040003300168043001200201080000700213100003500220245011900255264003700374300004600411336002600457337003400483338002600517504003600543520101900579648001901598650002801617650005001645650005401695651001801749.b7388179xOSt20210225174225.0200303s2020 sp a b 001 0 spa  aDL SE. 2444-2019bOficina Depósito Legal Sevilla a9788417950583 a(OCoLC)1151056750 aES-BaUABbcaterdacES-BaUAB ae-sp--- a071 aDíaz Nosty, Bernardo,eautor10aVoces de mujeres :bperiodistas españolas del siglo XX nacidas antes de la Guerra Civil /cBernardo Díaz Nosty 1aSevilla :bRenacimiento,c[2020] a628 pàgines :bil·lustracions ;c24 cm atextbtxt2rdacontent asense mediacióbn2rdamedia avolumbnc2rdacarrier aReferències bibliogràfiques aRecuperación coral de las voces de más de doscientas periodistas que, en su tiempo, rompieron moldes y buscaron espacios de igualdad. La docencia y el periodismo fueron ámbitos donde las mujeres cultivaron ideas de emancipación, a partir de posiciones muy distintas, para converger en una propuesta de sociedad más justa. Herederas, en unos casos, del librepensamiento, el anticlericalismo y la conciencia republicana, que, en los años veinte y treinta del pasado siglo, junto con otras de talante conservador, protagonizaron un periodismo creativo, moderno y crítico, abruptamente interrumpido por la dictadura franquista. Perfiles biográficos que descubren la audacia de las viajeras en tiempos difíciles, el tesón de las impulsoras del pensamiento feminista y el destino no deseado de más de medio centenar forzadas al exilio, fallecidas en muchos casos lejos de su tierra, sin olvidar a las fusiladas por la expresión libre de las ideas. Periodistas del siglo XX, nacidas antes de 1939. 9aSegle XX2thub 9aDones periodistes2thub 4aDones periodisteszEspanyaxHistòriayS. XX 4aDones periodisteszEspanyaxHistòriay1900-1936 9aEspanya2thub